Normal view
MARC view
- تأليف المدني،محمد جميل
Entry Personal Name
001 - CONTROL NUMBER
- control field: 13667
003 - CONTROL NUMBER IDENTIFIER
- control field: JO-AjAnu
005 - DATE AND TIME OF LATEST TRANSACTION
- control field: 20230606072502.0
008 - FIXED-LENGTH DATA ELEMENTS
- fixed length control field: 230606|| aca||aabn | a|a d
040 ## - CATALOGING SOURCE
- Original cataloging agency: JO-AjAnu
- Transcribing agency: JO-AjAnu
100 ## - HEADING--PERSONAL NAME
- Personal name: تأليف المدني،محمد جميل
670 ## - SOURCE DATA FOUND
- Source citation: Work cat.: (JO-AjAnu)7030: تأليف المدني،محمد جميل, author, الصدأ.....الصدأ: رواية من الواقع